000 00607nam a2200169Ia 4500
008 090123s9999 xx 000 0 und d
082 _b16641
100 _aपुराणिक कृष्णमुर्ती
245 _aकेनेयायित हालु
250 _a1
260 _bगौरी प्रकाशन
600 _aपुराणिक कृष्णमुर्ती
630 _aकेनेयायित हालु
700 _aपुराणिक कृष्णमुर्ती
730 _aकेनेयायित हालु
942 _cBOOK
999 _c54705
_d54705